[Event "XI Open Elite"]
[Site "Bergamo ITA"]
[Date "2012.07.14"]
[Round "3"]
[White "Angelini, Marco"]
[Black "Salgado Lopez, Oscar"]
[WhiteElo "2192"]
[BlackElo "2218"]
[Result "1/2-1/2"]
[PlyCount "26"]
[EventDate "2012.07.13"]

1. e4 c6 2. d4 g6 3. Nf3 Bg7 4. h3 d5 5. exd5 cxd5 6. Bd3 Nc6 7. c3 Nf6 8. Bf4
O-O 9. O-O Ne8 10. Nbd2 Nd6 11. Re1 Bf5 12. Bxf5 Nxf5 13. Nf1 Rc8 1/2-1/2

[Event "XI Open Elite"]
[Site "Bergamo ITA"]
[Date "2012.07.14"]
[Round "3"]
[White "Aranovitch, Emiliano"]
[Black "Godena, Michele"]
[WhiteElo "2329"]
[BlackElo "2512"]
[Result "0-1"]
[PlyCount "78"]
[EventDate "2012.07.13"]

1. e4 e5 2. Nf3 Nc6 3. Bb5 a6 4. Ba4 Nge7 5. c3 g6 6. d4 exd4 7. cxd4 b5 8. Bb3
Bg7 9. Nc3 O-O 10. a3 d6 11. h3 Na5 12. Ba2 c5 13. O-O cxd4 14. Nxd4 Bb7 15.
Nde2 Rc8 16. Bf4 Nc4 17. Bxc4 Rxc4 18. Bxd6 Re8 19. Rc1 Qa8 20. b3 Rcc8 21.
Bxe7 Rxe7 22. Qd6 Re6 23. Qf4 Bxe4 24. Nxe4 Rxc1 25. Rxc1 Rxe4 26. Rc8+ Qxc8
27. Qxe4 h5 28. h4 Qd8 29. Qc2 Bf8 30. b4 Qxh4 31. Qc6 Qd8 32. Nc3 Qd3 33. Nd5
Qxa3 34. Nf6+ Kh8 35. Nd5 Qa1+ 36. Kh2 Qe5+ 37. Kg1 Qe1+ 38. Kh2 Qxf2 39. Qe8
Qh4+ 0-1

[Event "XI Open Elite"]
[Site "Bergamo ITA"]
[Date "2012.07.14"]
[Round "3"]
[White "Bargeri, Ludovico"]
[Black "Sala, Giovanni"]
[WhiteElo "1954"]
[BlackElo "1996"]
[Result "0-1"]
[PlyCount "72"]
[EventDate "2012.07.13"]

1. d4 f5 2. Bg5 c6 3. Nd2 g6 4. e3 Nh6 5. h4 Nf7 6. Bf4 h6 7. Ngf3 Bg7 8. Bd3
d6 9. Bc4 e6 10. c3 Qe7 11. Qe2 d5 12. Bd3 Nd7 13. a3 e5 14. dxe5 Ndxe5 15.
Nxe5 Nxe5 16. Bxe5 Qxe5 17. Nf3 Qf6 18. Qc2 O-O 19. O-O-O b5 20. Nd4 a5 21. b4
Bd7 22. Kb2 c5 23. bxc5 Rfc8 24. Qb3 Rxc5 25. Rc1 Rac8 26. h5 g5 27. Rhd1 f4
28. Re1 fxe3 29. fxe3 Kh8 30. Bg6 Qe5 31. Bd3 Qg3 32. Re2 b4 33. axb4 axb4 34.
Rcc2 bxc3+ 35. Kc1 Bxd4 36. exd4 Qf4+ 0-1

[Event "XI Open Elite"]
[Site "Bergamo ITA"]
[Date "2012.07.14"]
[Round "3"]
[White "Brunello, Sabino"]
[Black "Valsecchi, Alessio"]
[WhiteElo "2586"]
[BlackElo "2425"]
[Result "1/2-1/2"]
[PlyCount "135"]
[EventDate "2012.07.13"]

1. Nf3 Nf6 2. c4 e6 3. g3 d5 4. Bg2 Be7 5. O-O O-O 6. d4 dxc4 7. Qa4 Qd5 8. Nc3
Qc6 9. Qc2 Qa6 10. a4 Nc6 11. Nb5 Nb4 12. Qb1 Qb6 13. Bf4 Nfd5 14. Bd2 c5 15.
e4 Nf6 16. e5 Nfd5 17. Na3 cxd4 18. Nxc4 Qa6 19. Rc1 d3 20. Ne1 Rd8 21. Bf1 b5
22. axb5 Qxb5 23. Nxd3 Qb8 24. Na5 Bd7 25. Nxb4 Nxb4 26. Qe4 Be8 27. Be3 Bb5
28. Bxb5 Qxb5 29. Rc7 Nd5 30. Rb7 Qa6 31. Qc4 Qxc4 32. Nxc4 Nxe3 33. fxe3 Bc5
34. Rf1 Rf8 35. b4 Bb6 36. Nxb6 axb6 37. Rxb6 Rab8 38. Rxb8 Rxb8 39. Rf4 Kf8
40. Kf2 Rb5 41. Re4 Ke7 42. Kf3 Rd5 43. h3 Rb5 44. Kf4 Kd7 45. Rd4+ Kc6 46.
Rc4+ Kd5 47. Rd4+ Kc6 48. Ke4 Rb7 49. Kd3 Kb5 50. Kc3 Rc7+ 51. Kb3 Rc1 52. Rf4
Re1 53. Rf3 f5 54. exf6 gxf6 55. Kc3 h5 56. Kd4 Rd1+ 57. Ke4 Rg1 58. h4 Kxb4
59. Rxf6 Rxg3 60. Rf3 Rxf3 61. Kxf3 Kc3 62. Ke4 Kd2 63. Kf4 e5+ 64. Kxe5 Kxe3
65. Kf5 Kd4 66. Kg5 Ke5 67. Kxh5 Kf6 68. Kg4 1/2-1/2

[Event "XI Open Elite"]
[Site "Bergamo ITA"]
[Date "2012.07.14"]
[Round "3"]
[White "Castrogiovanni, Carlo"]
[Black "Ventura, Franco"]
[WhiteElo "1978"]
[BlackElo "2084"]
[Result "1/2-1/2"]
[PlyCount "135"]
[EventDate "2012.07.13"]

1. d4 Nf6 2. Nc3 d6 3. e4 g6 4. f4 Bg7 5. Nf3 O-O 6. Bd3 Na6 7. h3 c5 8. Be3
cxd4 9. Bxd4 Nb4 10. O-O Nc6 11. Be3 b6 12. Ne2 Bb7 13. c3 Qc7 14. Rc1 Rad8 15.
Qa4 a6 16. Qc2 Nd7 17. b4 Rc8 18. Qd2 Nf6 19. Qe1 Nb8 20. Nd2 Nbd7 21. Ng3 e5
22. f5 d5 23. fxg6 hxg6 24. Bg5 Nh7 25. Be3 Ndf6 26. Qf2 b5 27. exd5 Nxd5 28.
Bc5 Rfe8 29. Nde4 Nf4 30. Bc2 Bf8 31. Rcd1 f5 32. Bb3+ Kh8 33. Bxf8 Rxf8 34.
Nc5 Rcd8 35. Ne2 Nxe2+ 36. Qxe2 Bc8 37. c4 bxc4 38. Qxc4 Rde8 39. Nxa6 Qb6+ 40.
Nc5 Be6 41. Qc3 Nf6 42. Kh1 Bxb3 43. Qxb3 Re7 44. Rd2 e4 45. Qc3 Qc7 46. Re2
Kh7 47. Rc1 Nh5 48. Re3 Rfe8 49. a4 f4 50. Ree1 Ng3+ 51. Kg1 e3 52. Nd3 Qb8 53.
Qd4 Rf8 54. Rc5 Ne4 55. Re5 Rfe8 56. Rxe7+ Rxe7 57. Rc1 e2 58. Ne1 Qe8 59. Nf3
Rd7 60. Qc4 Rd1+ 61. Ne1 Rxc1 62. Qxc1 Qb8 63. Qc4 Qb6+ 64. Kh2 Qe3 65. Qf7+
Kh6 66. Qf8+ Kh7 67. Qf7+ Kh6 68. Qf8+ 1/2-1/2

[Event "XI Open Elite"]
[Site "Bergamo ITA"]
[Date "2012.07.14"]
[Round "3"]
[White "Cattaneo, Marco"]
[Black "Cazzaniga, Walter"]
[WhiteElo "2032"]
[BlackElo "2148"]
[Result "0-1"]
[PlyCount "78"]
[EventDate "2012.07.13"]

1. d4 Nf6 2. Nf3 g6 3. c4 Bg7 4. Nc3 O-O 5. e4 d6 6. Be2 e5 7. O-O Nc6 8. d5
Ne7 9. Ne1 Ne8 10. Be3 f5 11. f3 f4 12. Bf2 g5 13. c5 Ng6 14. a4 Rf7 15. a5 Bf8
16. a6 b6 17. cxb6 cxb6 18. Nd3 Qf6 19. Nb4 Ne7 20. Nc6 Nxc6 21. dxc6 Be6 22.
Nd5 Qg6 23. Rc1 h5 24. c7 Rc8 25. Nxb6 axb6 26. Bb5 Nxc7 27. a7 Na8 28. Rxc8
Bxc8 29. Be2 g4 30. Bc4 Be6 31. Bb5 gxf3 32. g3 fxg3 33. hxg3 Bd5 34. Qxd5 Nc7
35. a8=Q Nxa8 36. Qxa8 h4 37. Qe8 hxg3 38. Be3 f2+ 39. Kg2 Qxe4+ 0-1

[Event "XI Open Elite"]
[Site "Bergamo ITA"]
[Date "2012.07.14"]
[Round "3"]
[White "Danin, Alexandre"]
[Black "Kasparova, Tatiana"]
[WhiteElo "2525"]
[BlackElo "2125"]
[Result "1-0"]
[PlyCount "91"]
[EventDate "2012.07.13"]

1. Nf3 Nf6 2. c4 c5 3. Nc3 b6 4. d4 cxd4 5. Nxd4 Bb7 6. f3 e6 7. e4 d6 8. Be3
a6 9. Be2 Be7 10. O-O O-O 11. Qd2 Nbd7 12. Rfd1 Rc8 13. Rac1 Qc7 14. Kh1 Qb8
15. b4 Kh8 16. Nb3 Rg8 17. a3 Ne8 18. Bf1 Nef6 19. Bf4 Ne5 20. Bxe5 dxe5 21.
Qe3 Bc6 22. c5 bxc5 23. Bxa6 cxb4 24. Bxc8 bxc3 25. Ba6 Qxb3 26. Qxc3 Qxc3 27.
Rxc3 Ba4 28. Rb1 Nd7 29. Rb7 Rd8 30. h3 g6 31. Ra7 Bc5 32. Rxd7 Bxd7 33. Rxc5
Ra8 34. Be2 Kg7 35. Rc3 Ra4 36. Kg1 Rd4 37. Rd3 Ba4 38. Kf2 f5 39. Rxd4 exd4
40. e5 f4 41. Bc4 Kf7 42. Ke2 Bc2 43. Kd2 Bb1 44. a4 Ke7 45. a5 Kd7 46. a6 1-0

[Event "XI Open Elite"]
[Site "Bergamo ITA"]
[Date "2012.07.14"]
[Round "3"]
[White "Di Lascio, Savino"]
[Black "Di Chiara, Mauro"]
[WhiteElo "1946"]
[BlackElo "1953"]
[Result "0-1"]
[PlyCount "80"]
[EventDate "2012.07.13"]

1. b4 e5 2. Bb2 f6 3. b5 d5 4. a4 Bd6 5. g3 Ne7 6. Bg2 Be6 7. c4 Nd7 8. Nc3 c6
9. cxd5 cxd5 10. h4 Bf7 11. Nh3 e4 12. Nf4 Be5 13. Bh3 f5 14. e3 d4 15. Nce2
dxe3 16. Bxe5 exf2+ 17. Kxf2 Nxe5 18. a5 O-O 19. Kg2 Bc4 20. Nc3 N5g6 21. h5
Nxf4+ 22. gxf4 Nd5 23. Nxd5 Qxd5 24. Rg1 Bxb5 25. Ra3 Rad8 26. Rg3 e3+ 27. Kh2
Qxd2+ 28. Qxd2 Rxd2+ 29. Kh1 Bc6+ 30. Bg2 Rxg2 31. R3xg2 e2 32. Re1 Re8 33. Kg1
Bxg2 34. Kxg2 b5 35. Kf2 a6 36. Rxe2 Rxe2+ 37. Kxe2 Kf7 38. Kd3 Ke6 39. Ke3 Kd5
40. Kd3 h6 0-1

[Event "XI Open Elite"]
[Site "Bergamo ITA"]
[Date "2012.07.14"]
[Round "3"]
[White "Elitropi, Giorgio"]
[Black "Platino, Maurizio"]
[WhiteElo "2016"]
[BlackElo "1901"]
[Result "1/2-1/2"]
[PlyCount "47"]
[EventDate "2012.07.13"]

1. e4 e6 2. d4 d5 3. Nc3 Nf6 4. Bg5 Bb4 5. exd5 exd5 6. Qf3 Nbd7 7. Nge2 c6 8.
O-O-O O-O 9. h3 a5 10. Ng3 h6 11. Bd2 Re8 12. Bd3 Nf8 13. Rhe1 Be6 14. Nf5 Bxf5
15. Qxf5 Qd7 16. Qf3 Rxe1 17. Rxe1 Re8 18. Rf1 Qd8 19. g4 Bxc3 20. Bxc3 Ne4 21.
Be1 Qg5+ 22. Kd1 Ng6 23. Qh1 Qf6 24. Bxe4 1/2-1/2

[Event "XI Open Elite"]
[Site "Bergamo ITA"]
[Date "2012.07.14"]
[Round "3"]
[White "Fernandez Saavedra, Jose' Luis"]
[Black "Ventura, Salvatore"]
[WhiteElo "2099"]
[BlackElo "2014"]
[Result "1-0"]
[PlyCount "67"]
[EventDate "2012.07.13"]

1. Nf3 c5 2. c4 g6 3. Nc3 Bg7 4. g3 Nc6 5. Bg2 e5 6. O-O Nge7 7. Ne1 d6 8. Nc2
Be6 9. Ne3 O-O 10. a3 f5 11. Rb1 Qd7 12. b4 cxb4 13. axb4 e4 14. Qa4 a5 15. b5
Nd4 16. d3 Nf3+ 17. exf3 exf3 18. Bxf3 Bxc3 19. Ng2 Bf7 20. Be3 Rfc8 21. Rbc1
Bf6 22. h4 Kg7 23. Bg5 Bd4 24. Rfe1 Ng8 25. Be3 Bf6 26. d4 Ne7 27. Bg5 Ra7 28.
Nf4 b6 29. Bxf6+ Kxf6 30. c5 bxc5 31. dxc5 Rxc5 32. Qd4+ Re5 33. b6 Ra6 34.
Rxe5 1-0

[Event "XI Open Elite"]
[Site "Bergamo ITA"]
[Date "2012.07.14"]
[Round "3"]
[White "Georgiev, Kiril D."]
[Black "Stella, Andrea"]
[WhiteElo "2680"]
[BlackElo "2442"]
[Result "1-0"]
[PlyCount "88"]
[EventDate "2012.07.13"]

1. d4 Nf6 2. c4 g6 3. Nc3 Bg7 4. e4 d6 5. h3 O-O 6. Bg5 Na6 7. Nf3 Qe8 8. Bd3
e5 9. dxe5 dxe5 10. Nd5 Nxd5 11. cxd5 f5 12. Be3 fxe4 13. Bxe4 Bf5 14. Ng5 Bxe4
15. Nxe4 Qb5 16. Qb3 Qxb3 17. axb3 Nb4 18. O-O-O Rfd8 19. d6 cxd6 20. Rxd6 Rxd6
21. Nxd6 e4 22. Kb1 Nd3 23. Nxe4 Nxb2 24. Rc1 Nd3 25. Rc7 b6 26. Rd7 Ne1 27. g4
h6 28. Kc1 Ng2 29. Kd2 Re8 30. Nd6 Ra8 31. Ke2 Nxe3 32. fxe3 a5 33. Rb7 a4 34.
bxa4 Rxa4 35. Ne4 Ra2+ 36. Kf3 Rb2 37. Rb8+ Kh7 38. h4 b5 39. g5 hxg5 40. hxg5
Rb1 41. Kg2 Rb2+ 42. Kf3 Rb1 43. Nc5 b4 44. Ke4 Bc3 1-0

[Event "XI Open Elite"]
[Site "Bergamo ITA"]
[Date "2012.07.14"]
[Round "3"]
[White "Gomez Dieguez, David"]
[Black "Roos, Adrian"]
[WhiteElo "2081"]
[BlackElo "2180"]
[Result "1-0"]
[PlyCount "55"]
[EventDate "2012.07.13"]

1. e4 c5 2. Nf3 d6 3. Bc4 Nf6 4. e5 dxe5 5. Nxe5 e6 6. Qe2 Be7 7. b3 O-O 8. Bb2
Nbd7 9. f4 Nd5 10. O-O N7f6 11. Rf3 Qc7 12. Nc3 b6 13. Raf1 Bb7 14. Rh3 Rad8
15. Bd3 g6 16. g4 Nb4 17. g5 Nh5 18. Nb5 Qc8 19. Nxa7 Qb8 20. Nxg6 hxg6 21.
Bxg6 fxg6 22. Qxe6+ Rf7 23. Qxg6+ Rg7 24. Qe6+ Rf7 25. Rxh5 Rd4 26. g6 Qf8 27.
gxf7+ Qxf7 28. Rh8+ 1-0

[Event "XI Open Elite"]
[Site "Bergamo ITA"]
[Date "2012.07.14"]
[Round "3"]
[White "Guzzetti, Luigi Enrico"]
[Black "Migliorini, Matteo"]
[WhiteElo "1908"]
[BlackElo "1996"]
[Result "1-0"]
[PlyCount "55"]
[EventDate "2012.07.13"]

1. e4 c5 2. Nf3 d6 3. d4 cxd4 4. Nxd4 Nf6 5. Nc3 g6 6. Be2 Bg7 7. O-O O-O 8.
Be3 Nc6 9. Qd2 Ng4 10. Bxg4 Bxg4 11. h3 Bd7 12. Rad1 Ne5 13. b3 Rc8 14. Nce2
Bc6 15. Nxc6 bxc6 16. c4 c5 17. Bh6 Nc6 18. Bxg7 Kxg7 19. f4 Qb6 20. Qb2+ Kg8
21. f5 Ne5 22. Qd2 Qb7 23. Nc3 Nd7 24. Nd5 Nf6 25. Nxf6+ exf6 26. Qxd6 Qxe4 27.
Qxf6 Qe2 28. Rd7 1-0

[Event "XI Open Elite"]
[Site "Bergamo ITA"]
[Date "2012.07.13"]
[Round "3"]
[White "Kaluzny, Lukasz"]
[Black "Cacciola, Alfredo"]
[WhiteElo "1969"]
[BlackElo "2087"]
[Result "0-1"]
[PlyCount "62"]
[EventDate "2012.07.13"]

1. d4 d5 2. Nf3 Nf6 3. Bf4 c5 4. c3 Qb6 5. Qb3 c4 6. Qc2 Nc6 7. Nbd2 g6 8. h3
Bf5 9. Qc1 h5 10. e3 Bg7 11. Be2 a5 12. O-O a4 13. a3 O-O 14. Nh4 Bd7 15. e4
Nxe4 16. Nxe4 dxe4 17. Bxc4 Na5 18. Ba2 Bb5 19. Re1 Bd3 20. Bh6 Ra6 21. Bxg7
Kxg7 22. g3 Nb3 23. Bxb3 Qxb3 24. Qg5 Rf6 25. g4 hxg4 26. hxg4 e6 27. Qd2 Rh8
28. g5 Rxh4 29. gxf6+ Kxf6 30. Qe3 Qd5 31. f3 Qg5+ 0-1

[Event "XI Open Elite"]
[Site "Bergamo ITA"]
[Date "2012.07.14"]
[Round "3"]
[White "Kasparov, Sergey"]
[Black "Borgo, Giulio"]
[WhiteElo "2493"]
[BlackElo "2384"]
[Result "1-0"]
[PlyCount "56"]
[EventDate "2012.07.13"]

1. e4 c5 2. Nf3 d6 3. d4 cxd4 4. Nxd4 Nf6 5. f3 Nc6 6. c4 e6 7. Nc3 Be7 8. Be3
O-O 9. Nc2 b6 10. Be2 Bb7 11. O-O Rc8 12. Rc1 Ne5 13. b3 Ng6 14. Bd4 h5 15. Qd2
Rc7 16. Rfd1 Rd7 17. Bf1 Qb8 18. Re1 h4 19. Qf2 Nh5 20. Rcd1 Kh7 21. Bd3 Ngf4
22. Ne2 g5 23. Nxf4 gxf4 24. e5+ Kh6 25. exd6 Bxd6 26. Qxh4 e5 27. Bf2 Be7 28.
Qh3 Rxd3 1-0

[Event "XI Open Elite"]
[Site "Bergamo ITA"]
[Date "2012.07.14"]
[Round "3"]
[White "Kimbin, Richard Conrod"]
[Black "Lezzerini, Marco"]
[WhiteElo "1951"]
[BlackElo "1948"]
[Result "0-1"]
[PlyCount "112"]
[EventDate "2012.07.13"]

1. Nf3 d6 2. g3 Nf6 3. Bg2 g6 4. b3 Bg7 5. Bb2 O-O 6. c4 c5 7. O-O Nc6 8. d4
cxd4 9. Nxd4 Bd7 10. Nc3 Qa5 11. a3 Qh5 12. e3 Bg4 13. Qd2 Rac8 14. Nd5 Nxd5
15. Bxd5 Rfd8 16. f4 e6 17. Bf3 Bxd4 18. Bxg4 Bxe3+ 19. Qxe3 Qxg4 20. Bf6 Rd7
21. Rae1 Qh5 22. Kg2 Re8 23. b4 a6 24. h3 Qh6 25. g4 Ne7 26. h4 Kf8 27. h5 Ng8
28. Bb2 f6 29. Rh1 Kf7 30. g5 Qg7 31. Rh3 Kf8 32. Qd3 Qf7 33. hxg6 Qxg6 34.
Qxg6 hxg6 35. gxf6 Rf7 36. Rh8 Rc8 37. Rxe6 Rxc4 38. Kf3 Rd7 39. Kg4 Kf7 40.
Re3 Nxf6+ 41. Bxf6 Kxf6 42. Rhe8 Rc6 43. R3e6+ Kf7 44. Kg5 d5 45. Re1 d4 46.
Rh8 Rd5+ 47. Kg4 d3 48. Ree8 Rc7 49. Rhf8+ Kg7 50. Rg8+ Kf6 51. Rgf8+ Rf7 52.
Rxf7+ Kxf7 53. Re1 d2 54. Rd1 Kf6 55. Kf3 Kf5 56. Ke3 Rd6 0-1

[Event "XI Open Elite"]
[Site "Bergamo ITA"]
[Date "2012.07.14"]
[Round "3"]
[White "Kizilkaya, Mehmet"]
[Black "Sumets, Andrey"]
[WhiteElo "2195"]
[BlackElo "2618"]
[Result "0-1"]
[PlyCount "78"]
[EventDate "2012.07.13"]

1. e4 c5 2. c3 d6 3. d4 Nf6 4. Bd3 g6 5. Ne2 Bg7 6. f3 O-O 7. Be3 b6 8. O-O Nc6
9. Nd2 e5 10. dxc5 dxc5 11. Bb5 Qc7 12. a4 Ne8 13. Nc1 Nd6 14. Be2 Be6 15. b3
Rad8 16. Qc2 Qe7 17. Bb5 Nb8 18. Nc4 Nb7 19. Nd2 Na5 20. Bc4 Nxc4 21. Nxc4 Nc6
22. Nd2 f5 23. Rd1 f4 24. Bf2 g5 25. Nd3 Bf6 26. Nb2 Kh8 27. Ndc4 g4 28. Rxd8
Nxd8 29. Qd3 Nf7 30. fxg4 Bxg4 31. h3 Be6 32. Rd1 Rd8 33. Qe2 Rg8 34. Kh2 Ng5
35. Nd2 Qg7 36. Bh4 Nxh3 37. Bxf6 Qxf6 38. gxh3 Qh4 39. Kh1 Bxh3 0-1

[Event "XI Open Elite"]
[Site "Bergamo ITA"]
[Date "2012.07.14"]
[Round "3"]
[White "Koetz, Andreas"]
[Black "Bonassi, Tommaso"]
[WhiteElo "2008"]
[BlackElo "1928"]
[Result "1-0"]
[PlyCount "67"]
[EventDate "2012.07.13"]

1. d4 Nf6 2. Nf3 e6 3. c4 Bb4+ 4. Bd2 c5 5. Bxb4 cxb4 6. g3 O-O 7. Bg2 d5 8.
Nbd2 Nc6 9. O-O Qc7 10. Qc2 Rd8 11. e3 b6 12. Rfc1 Bb7 13. cxd5 exd5 14. Ne5
Rac8 15. Bh3 Qe7 16. Bxc8 Rxc8 17. Qf5 g6 18. Qh3 Rc7 19. Nxc6 Rxc6 20. Rxc6
Bxc6 21. Qc8+ Be8 22. Rc1 Kg7 23. Qc7 Bd7 24. Qe5 Qd8 25. e4 Kg8 26. Qg5 h6 27.
Qh4 g5 28. Qxh6 Ng4 29. Qd6 Kg7 30. e5 Qh8 31. Nf3 Bf5 32. Qe7 Qh3 33. Qxg5+
Bg6 34. Qh4 1-0

[Event "XI Open Elite"]
[Site "Bergamo ITA"]
[Date "2012.07.14"]
[Round "3"]
[White "Monjac, Mislav"]
[Black "Neiksans, Arturs"]
[WhiteElo "2093"]
[BlackElo "2534"]
[Result "0-1"]
[PlyCount "88"]
[EventDate "2012.07.13"]

1. e4 c5 2. Nf3 d6 3. Bb5+ Nd7 4. O-O Ngf6 5. Re1 a6 6. Bf1 b6 7. d4 cxd4 8.
Qxd4 e5 9. Qd1 Bb7 10. Nc3 b5 11. Bg5 Be7 12. a3 h6 13. Bxf6 Nxf6 14. Qd3 O-O
15. Rad1 Rc8 16. Nd2 Qb6 17. Be2 Rfd8 18. Nf1 b4 19. Nd5 Nxd5 20. exd5 bxa3 21.
bxa3 Rc5 22. c4 Bc8 23. Ne3 g6 24. Rb1 Qc7 25. Qb3 Ra5 26. Nc2 Bd7 27. Qb6 Rc8
28. Qxc7 Rxc7 29. Rb6 Bf5 30. Nb4 Rxa3 31. Nxa6 Ra7 32. c5 dxc5 33. d6 Bg5 34.
Bb5 Rc3 35. h4 Bxh4 36. Rxe5 Rc1+ 37. Kh2 Bxf2 38. Rxf5 gxf5 39. d7 Ra8 40. Nc7
Rd8 41. Rxh6 Rc3 42. Nd5 Bg3+ 43. Kg1 Rc1+ 44. Bf1 Rxd7 0-1

[Event "XI Open Elite"]
[Site "Bergamo ITA"]
[Date "2012.07.14"]
[Round "3"]
[White "Moroni, Luca jr"]
[Black "De Leon Justo, Alejandro"]
[WhiteElo "2128"]
[BlackElo "2020"]
[Result "1-0"]
[PlyCount "105"]
[EventDate "2012.07.13"]

1. e4 e5 2. Nf3 Nc6 3. Bc4 Nf6 4. d3 Be7 5. O-O O-O 6. c3 d6 7. Nbd2 Na5 8. h3
Nxc4 9. Nxc4 c6 10. Qc2 Qc7 11. Bg5 h6 12. Bxf6 Bxf6 13. Ne3 Be6 14. c4 Qd7 15.
Rac1 g6 16. Qd2 c5 17. Nd5 Bg7 18. Nh4 Qd8 19. Nf3 f5 20. Kh2 f4 21. b4 b6 22.
bxc5 dxc5 23. a4 g5 24. Ng1 h5 25. a5 b5 26. cxb5 Bxd5 27. exd5 Qxd5 28. Qc2 g4
29. f3 Rfd8 30. Rfd1 Rac8 31. Qc4 g3+ 32. Kh1 Rb8 33. Ne2 Kh8 34. Nc3 Qd4 35.
Ne4 Qxc4 36. dxc4 Bf8 37. Ng5 Kg8 38. Ne6 Re8 39. Nc7 Red8 40. Rxd8 Rxd8 41.
Nd5 Kf7 42. Kg1 Be7 43. a6 Rb8 44. b6 axb6 45. Nc7 Bd6 46. a7 Bxc7 47. axb8=Q
Bxb8 48. Ra1 Ke6 49. Ra8 Bd6 50. Rh8 b5 51. cxb5 c4 52. Rc8 Kd5 53. b6 1-0

[Event "XI Open Elite"]
[Site "Bergamo ITA"]
[Date "2012.07.14"]
[Round "3"]
[White "Pescatore, Lorenzo"]
[Black "Tarelli, Daniele"]
[WhiteElo "2201"]
[BlackElo "1909"]
[Result "1-0"]
[PlyCount "109"]
[EventDate "2012.07.13"]

1. e4 g6 2. d4 Bg7 3. Nf3 d6 4. Bc4 e6 5. Qe2 a6 6. a4 b6 7. Nc3 h6 8. h4 Ne7
9. Bf4 Bb7 10. Bb3 Nd7 11. Rd1 Nf8 12. Nh2 Qd7 13. Ng4 Qd8 14. Qe3 h5 15. Bh6
hxg4 16. Bxg7 Rh7 17. Bxf8 Kxf8 18. Qf4 d5 19. exd5 Nxd5 20. Bxd5 Bxd5 21. Qxg4
g5 22. h5 f5 23. Qg3 Qf6 24. f3 Re8 25. Kf2 f4 26. Qg4 Bc6 27. Rhe1 e5 28. d5
Bd7 29. Ne4 Qe7 30. Qxg5 Qxg5 31. Nxg5 Rxh5 32. Ne4 Kf7 33. a5 Rg8 34. Rh1 Rxh1
35. Rxh1 Bf5 36. axb6 Bxe4 37. fxe4 cxb6 38. Rh7+ Rg7 39. Rxg7+ Kxg7 40. g3
fxg3+ 41. Kxg3 a5 42. c4 Kf7 43. Kg4 Kg6 44. b3 Kf6 45. Kh5 Ke7 46. Kg6 Kd6 47.
Kf5 Kc5 48. Kxe5 Kb4 49. d6 Kxb3 50. d7 Kxc4 51. d8=Q Kb4 52. Qd2+ Ka4 53. Kd4
Ka3 54. Kc3 a4 55. Qb2# 1-0

[Event "XI Open Elite"]
[Site "Bergamo ITA"]
[Date "2012.07.14"]
[Round "3"]
[White "Simonetto, Adriano"]
[Black "Ranfagni, Stefano"]
[WhiteElo "1919"]
[BlackElo "1994"]
[Result "1/2-1/2"]
[PlyCount "39"]
[EventDate "2012.07.13"]

1. d4 e6 2. c4 f5 3. Nf3 Nf6 4. Nc3 d5 5. Bf4 c6 6. e3 Bd6 7. Bxd6 Qxd6 8. Bd3
O-O 9. O-O Bd7 10. Ne5 Be8 11. cxd5 cxd5 12. Qb3 Bc6 13. Rac1 Nbd7 14. f4 Ne4
15. Nxe4 fxe4 16. Bb5 Bxb5 17. Qxb5 Nxe5 18. dxe5 Qb6 19. Qxb6 axb6 20. a3
1/2-1/2

[Event "XI Open Elite"]
[Site "Bergamo ITA"]
[Date "2012.07.13"]
[Round "3"]
[White "Sorbera, Giovanni"]
[Black "Curtacci, Sergio"]
[WhiteElo "2165"]
[BlackElo "2034"]
[Result "0-1"]
[PlyCount "95"]
[EventDate "2012.07.13"]

1. e4 c5 2. Nf3 Nc6 3. d4 cxd4 4. Nxd4 g6 5. Nxc6 bxc6 6. Qd4 Nf6 7. e5 Ng8 8.
Bc4 Bg7 9. O-O d5 10. Bd3 e6 11. Nc3 Qc7 12. Re1 h6 13. Na4 Ne7 14. Bd2 Rb8 15.
Nc5 Nf5 16. Bxf5 gxf5 17. a4 Bf8 18. b4 Rg8 19. Nd3 Ba6 20. b5 c5 21. Qb2 Bb7
22. Nf4 d4 23. g3 Bg7 24. a5 Ba8 25. Ra3 Bxe5 26. Nh5 c4 27. Qc1 Qb7 28. f3 c3
29. Qd1 cxd2 30. Rxe5 Qc7 31. Nf6+ Kf8 32. Qxd2 Rg6 33. Qxd4 Rxf6 34. Rc5 Qe7
35. Rd3 Kg7 36. Qe5 Rf8 37. c4 Kg8 38. Kf2 Rg6 39. b6 axb6 40. axb6 Qb7 41. Rb3
Rd8 42. Rc7 Qa6 43. b7 Bxb7 44. Rbxb7 Qa2+ 45. Rb2 Qa1 46. Qe2 f4 47. g4 Qh1
48. Qe5 0-1

[Event "XI Open Elite"]
[Site "Bergamo ITA"]
[Date "2012.07.14"]
[Round "3"]
[White "Soyeur, Alain"]
[Black "Messina, Roberta"]
[WhiteElo "2118"]
[BlackElo "1961"]
[Result "0-1"]
[PlyCount "76"]
[EventDate "2012.07.13"]

1. c4 e5 2. g3 Nf6 3. Bg2 Nc6 4. Nc3 Bb4 5. Nd5 Nxd5 6. cxd5 Ne7 7. e3 O-O 8.
a3 Bc5 9. b4 Bb6 10. Bb2 d6 11. Ne2 c6 12. dxc6 bxc6 13. d4 exd4 14. Nxd4 Bb7
15. O-O Qd7 16. Qh5 c5 17. Bxb7 Qxb7 18. Nf5 Nxf5 19. Qxf5 Rac8 20. Rfd1 Bc7
21. Bc3 Qc6 22. Qg4 g6 23. Rac1 Rfe8 24. Qf4 Re6 25. Qh6 f6 26. Qh4 Kg7 27.
bxc5 dxc5 28. Qc4 Rd6 29. e4 Re8 30. Rd5 Rxe4 31. Rxd6 Bxd6 32. Qd3 c4 33. Qc2
Bxa3 34. Ra1 Bc5 35. Qb2 Bb6 36. Rd1 Qe6 37. Bxf6+ Kf7 38. Rd2 Qxf6 0-1

[Event "XI Open Elite"]
[Site "Bergamo ITA"]
[Date "2012.07.14"]
[Round "3"]
[White "Stoppa, Omar"]
[Black "Seyfried, Claus"]
[WhiteElo "2300"]
[BlackElo "2101"]
[Result "1/2-1/2"]
[PlyCount "31"]
[EventDate "2012.07.13"]

1. e4 e6 2. Nf3 c5 3. d4 cxd4 4. Nxd4 Nc6 5. g3 d5 6. Bg2 dxe4 7. Nxc6 Qxd1+ 8.
Kxd1 bxc6 9. Bxe4 Bb7 10. Be3 Nf6 11. Bf3 O-O-O+ 12. Ke1 Nd5 13. Bd2 Nb4 14.
Bxb4 Bxb4+ 15. c3 Bc5 16. b4 1/2-1/2

[Event "XI Open Elite"]
[Site "Bergamo ITA"]
[Date "2012.07.14"]
[Round "4"]
[White "Bargeri, Ludovico"]
[Black "Soyeur, Alain"]
[WhiteElo "1954"]
[BlackElo "2118"]
[Result "1-0"]
[PlyCount "57"]
[EventDate "2012.07.13"]

1. d4 d6 2. e4 Nf6 3. Nc3 c6 4. a4 Qa5 5. Bd2 e5 6. Nf3 exd4 7. Nxd4 Qb6 8. Nb3
Na6 9. a5 Qc7 10. Be2 Be7 11. O-O O-O 12. f4 b5 13. Bf3 Bb7 14. Qe1 b4 15. Ne2
c5 16. Ng3 Rfe8 17. Qf2 Bf8 18. Rfe1 c4 19. Nd4 c3 20. bxc3 bxc3 21. Nb5 Qd7
22. Nxc3 Nb4 23. Be3 Rac8 24. Bd4 Rc4 25. Bxf6 gxf6 26. Nh5 Qd8 27. Qh4 Rxc3
28. Nxf6+ Kg7 29. Qg4+ 1-0

[Event "XI Open Elite"]
[Site "Bergamo ITA"]
[Date "2012.07.14"]
[Round "4"]
[White "Bonassi, Tommaso"]
[Black "Kaluzny, Lukasz"]
[WhiteElo "1928"]
[BlackElo "1969"]
[Result "1-0"]
[PlyCount "77"]
[EventDate "2012.07.13"]

1. e4 c5 2. Nf3 Nc6 3. d4 cxd4 4. Nxd4 Nf6 5. Nc3 d6 6. Be2 e6 7. Be3 Be7 8.
Qd2 O-O 9. g4 d5 10. exd5 Nxd5 11. Nxd5 Qxd5 12. Bf3 Qd7 13. Nxc6 bxc6 14. Qxd7
Bxd7 15. Rd1 Rfd8 16. Rxd7 Rxd7 17. Bxc6 Rad8 18. Bxd7 Rxd7 19. Ke2 Rc7 20. c3
f5 21. gxf5 exf5 22. Bd4 g5 23. Kd3 Kf7 24. b4 Bf6 25. a4 Bxd4 26. Kxd4 Rd7+
27. Kc4 Rd2 28. Rf1 Ke6 29. Kb5 Kd5 30. c4+ Kd4 31. c5 Rc2 32. Rd1+ Ke4 33. c6
Kf3 34. Rd5 a6+ 35. Kb6 Rc4 36. b5 Ke4 37. Rc5 Rd4 38. c7 Rd6+ 39. Rc6 1-0

[Event "XI Open Elite"]
[Site "Bergamo ITA"]
[Date "2012.07.14"]
[Round "4"]
[White "Borgo, Giulio"]
[Black "De Palma, Fabrizio"]
[WhiteElo "2384"]
[BlackElo "2084"]
[Result "1/2-1/2"]
[PlyCount "34"]
[EventDate "2012.07.13"]

1. e4 c5 2. Nf3 d6 3. d4 cxd4 4. Nxd4 Nf6 5. f3 e5 6. Bb5+ Nbd7 7. Nf5 d5 8.
exd5 a6 9. Ba4 b5 10. Bb3 Nc5 11. Ne3 Bd6 12. O-O O-O 13. c4 Qc7 14. Bc2 e4 15.
h3 Bh2+ 16. Kh1 Nh5 17. Re1 Bg3 1/2-1/2

[Event "XI Open Elite"]
[Site "Bergamo ITA"]
[Date "2012.07.14"]
[Round "4"]
[White "Cacciola, Alfredo"]
[Black "Pescatore, Lorenzo"]
[WhiteElo "2087"]
[BlackElo "2201"]
[Result "1-0"]
[PlyCount "39"]
[EventDate "2012.07.13"]

1. e4 c5 2. Nf3 g6 3. d4 cxd4 4. Nxd4 Nc6 5. Nc3 Bg7 6. Be3 Nf6 7. Bc4 O-O 8.
Bb3 a5 9. a4 Ng4 10. Qxg4 Nxd4 11. Qd1 Nxb3 12. cxb3 d6 13. O-O Be6 14. Rb1 Qd7
15. Nd5 Bxd5 16. Qxd5 Rfb8 17. Rfc1 b5 18. axb5 Qxb5 19. Rc8+ Bf8 20. Qxb5 1-0